|
|
|
|
| LEADER |
00000naa2a2200000 4500 |
| 001 |
621875 |
| 005 |
20231101133201.0 |
| 035 |
|
|
|a (RuTPU)RU\TPU\conf\20496
|
| 035 |
|
|
|a RU\TPU\conf\20495
|
| 090 |
|
|
|a 621875
|
| 100 |
|
|
|a 20170124d2016 k y0rusy50 ca
|
| 101 |
0 |
|
|a rus
|
| 102 |
|
|
|a RU
|
| 105 |
|
|
|a y z 101zy
|
| 135 |
|
|
|a drcn ---uucaa
|
| 181 |
|
0 |
|a i
|
| 182 |
|
0 |
|a b
|
| 200 |
1 |
|
|a Разработка технологии изготовления вкладышей моторно-осевых подшипников электровагонотолкателя на базе электровоза ВЛ-60
|f А. Е. Чагин, А. Н. Клепиков, А. В. Корчмит
|g науч. рук. А. В. Корчмит
|
| 203 |
|
|
|a Текст
|c электронный
|
| 225 |
1 |
|
|a Проблемы надежности машиностроения и машиностроительные технологии
|
| 230 |
|
|
|a 1 компьютерный файл (pdf; 254 Kb)
|
| 300 |
|
|
|a Заглавие с титульного экрана
|
| 320 |
|
|
|a [Библиогр.: с. 459 (3 назв.)]
|
| 463 |
|
1 |
|0 (RuTPU)RU\TPU\conf\20333
|t Высокие технологии в современной науке и технике (ВТСНТ-2016)
|o сборник научных трудов V Международной научно-технической конференции молодых ученых, аспирантов и студентов, г. Томск, 5–7 декабря 2016 г.
|f Национальный исследовательский Томский политехнический университет (ТПУ) ; под ред. А. Н. Яковлева
|v [С. 458-459]
|d 2016
|
| 610 |
1 |
|
|a труды учёных ТПУ
|
| 610 |
1 |
|
|a электронные ресурсы
|
| 610 |
1 |
|
|a электровозы
|
| 610 |
1 |
|
|a двигатели
|
| 610 |
1 |
|
|a осевые подшипники
|
| 610 |
1 |
|
|a локомотивы
|
| 610 |
1 |
|
|a тепловая энергия
|
| 700 |
|
1 |
|a Чагин
|b А. Е.
|
| 701 |
|
1 |
|a Клепиков
|b А. Н.
|
| 701 |
|
1 |
|a Корчмит
|b А. В.
|c специалист в области материаловедения
|c доцент Томского политехнического университета
|f 1978-
|g Антон Викторович
|2 stltpush
|3 (RuTPU)RU\TPU\pers\34585
|
| 702 |
|
1 |
|a Корчмит
|b А. В.
|c специалист в области материаловедения
|c доцент Томского политехнического университета
|f 1978-
|g Антон Викторович
|2 stltpush
|4 727
|
| 712 |
0 |
2 |
|a Национальный исследовательский Томский политехнический университет (ТПУ)
|b Институт физики высоких технологий (ИФВТ)
|b Кафедра материаловедения и технологии металлов (МТМ)
|h 73
|2 stltpush
|3 (RuTPU)RU\TPU\col\18689
|
| 801 |
|
2 |
|a RU
|b 63413507
|c 20170207
|g RCR
|
| 856 |
4 |
|
|u http://earchive.tpu.ru/handle/11683/36426
|
| 942 |
|
|
|c BK
|